Notice sommaire des principaux monuments par les conservateurs du Musée /

محفوظ في:

مؤلف مشترك: Matḥaf al-Miṣrī

التنسيق: كتاب

اللغة: French

منشور في: Cairo : Imprimerie de l'Institut Francais, d'Archéologie Orientale, 1927.

الموضوعات:

الوسوم: إضافة وسم

لا توجد وسوم, كن أول من يضع وسما على هذه التسجيلة!

رقم الطلب: DT59 .C243 M38 1927

LEADER 00663namaa2200205 4500
001 16143
003 OSt
005 20250617074206.0
008 130303s1927 ua ab 000 0 fre d
040 |c ARCE Library 
043 |a f-ua--- 
050 4 |a DT59 .C243 M38 1927 
110 2 |a Matḥaf al-Miṣrī, 
245 1 0 |a Notice sommaire des principaux monuments par les conservateurs du Musée /   |c Musée du Caire. 
264 1 |a Cairo :   |b Imprimerie de l'Institut Francais, d'Archéologie Orientale,   |c 1927. 
300 |a xvi, 140 pages :   |b illustrations, (folded maps) ;   |c 18 cm. 
651 0 |a Egypt  |z Antiquities. 
901 |a reviewed 
942 |c BK  |2 lcc 
999 |c 16295  |d 16295